00356nam a2200157Ia 4500008004100000020001800041245001700059245002500076260001500101260001600116260000900132300001400141300002500155300001000180500000800190170705s9999 xx 000 0 und d a9780590457750 aMama zooms / cJane Cowen-Fletcher. aNew York : bScholastic, c1993 aunpaged : bcolor illustration ; c26cm. a750